000 00484 a2200157 4500
005 20250430090849.0
020 _a0-13-146106-0
082 _a658 .18 DAN
100 _aDANIEL, J. D.
245 _aInternational Business : Environments and Operations.
250 _a10th Ed.
260 _aNew Jersey,
_bPearson prentice Hall,
_c2004.
300 _axxxiii, 699p.:Ill.;figures & picture
_bGlossary & Index
_c26cm.
700 _aRADEBAUGH, L. H. & SULLIVAN, D. P.
942 _2ddc
_cBKS
999 _c1811
_d1811